000 00261nam a2200085Ia 4500
245 0 _aFrequently asked questions about peer pressure
100 _a Juzwiak, Richard New York, 2009 1st ed
_976368
942 _cBK
008 210818s9999 xx 000 0 und d
999 _c451182
_d451181